[Event "Paul Keres mem  (38th)"]
[Site "Richmond CAN"]
[Date "2013.05.18"]
[Round "2.5"]
[White "Kaufman, Raymond"]
[Black "Lo, Ryan"]
[Result "0-1"]
[WhiteElo "2304"]
[BlackElo "2156"]
[PlyCount "58"]
[GameId "2160767909347807"]
[EventDate "2013.05.18"]
[EventType "swiss"]
[EventRounds "6"]
[EventCountry "CAN"]

1. d4 Nf6 2. c4 g6 3. Nc3 d5 4. Nf3 Bg7 5. Qb3 dxc4 6. Qxc4 O-O 7. e4 a6 8. e5 b5 9. Qb3 Nfd7 10. e6 fxe6 11. Be2 Nb6 12. Be3 Nd5 13. h4 Nxe3 14. fxe3 Qd6 15. O-O-O c5 16. h5 c4 17. Qc2 Bb7 18. hxg6 h6 19. Rh5 Nd7 20. Rdh1 Nf6 21. R5h4 Bxf3 22. Bxf3 Rac8 23. Ne4 Nxe4 24. Qxe4 c3 25. Bg4 cxb2+ 26. Kb1 Rf6 27. Qd3 Rf2 28. Qb3 Rc4 29. Bf3 Qc7 0-1

[Event "Paul Keres mem  (38th)"]
[Site "Richmond CAN"]
[Date "2013.05.19"]
[Round "3.6"]
[White "Tang, Edward"]
[Black "Kaufman, Raymond"]
[Result "0-1"]
[WhiteElo "2064"]
[BlackElo "2304"]
[PlyCount "42"]
[GameId "2160767909347817"]
[EventDate "2013.05.18"]
[EventType "swiss"]
[EventRounds "6"]
[EventCountry "CAN"]

1. d4 Nf6 2. c4 e6 3. Nc3 c5 4. d5 exd5 5. cxd5 d6 6. e4 g6 7. f4 Bg7 8. Bb5+ Nfd7 9. a4 O-O 10. Nf3 Re8 11. O-O Na6 12. e5 dxe5 13. fxe5 Nxe5 14. Bxe8 Qxe8 15. Nxe5 Bxe5 16. Kh1 Nb4 17. Bh6 Bf5 18. Rxf5 gxf5 19. Qh5 f6 20. Qxf5 Qg6 21. Qh3 Nd3 0-1

[Event "Paul Keres mem  (38th)"]
[Site "Richmond CAN"]
[Date "2013.05.19"]
[Round "4.5"]
[White "Kaufman, Raymond"]
[Black "Beaudry, Lukas"]
[Result "1-0"]
[WhiteElo "2304"]
[BlackElo "2117"]
[PlyCount "93"]
[GameId "2160767909347826"]
[EventDate "2013.05.18"]
[EventType "swiss"]
[EventRounds "6"]
[EventCountry "CAN"]

1. Nf3 Nf6 2. c4 g6 3. Nc3 Bg7 4. e4 d6 5. d4 O-O 6. Be2 e5 7. Be3 c6 8. d5 Na6 9. Nd2 Nc7 10. O-O c5 11. a3 Nfe8 12. b4 b6 13. bxc5 bxc5 14. Rb1 f5 15. f3 f4 16. Bf2 g5 17. Nb3 Nf6 18. Nxc5 dxc5 19. Bxc5 Rf7 20. Bf2 Bf8 21. c5 Ba6 22. d6 Bxe2 23. Qxe2 Ne6 24. Qc4 Qd7 25. Rfd1 Nd8 26. Nd5 Kg7 27. Qc3 Nc6 28. Nc7 Rd8 29. Rb7 Kg6 30. Rdb1 Qc8 31. Qd3 Ne8 32. Qa6 Nxc7 33. Qxc6 Ne6 34. Qxc8 Rxc8 35. Rxf7 Kxf7 36. Rb7+ Kf6 37. h4 Nxc5 38. Rc7 Rd8 39. Bxc5 Bxd6 40. Rc6 Ke7 41. Rxd6 Rxd6 42. hxg5 Ke6 43. Bxd6 Kxd6 44. g3 fxg3 45. Kg2 Kc5 46. Kxg3 Kc4 47. f4 1-0

[Event "Paul Keres mem  (38th)"]
[Site "Richmond CAN"]
[Date "2013.05.20"]
[Round "5.3"]
[White "Wu, Howard"]
[Black "Kaufman, Raymond"]
[Result "0-1"]
[WhiteElo "2255"]
[BlackElo "2304"]
[PlyCount "66"]
[GameId "2160767909356026"]
[EventDate "2013.05.18"]
[EventType "swiss"]
[EventRounds "6"]
[EventCountry "CAN"]

1. e4 e6 2. d4 d5 3. Nd2 Nf6 4. e5 Nfd7 5. Bd3 c5 6. c3 Nc6 7. Ne2 cxd4 8. cxd4 f6 9. exf6 Qxf6 10. Nf3 Bd6 11. O-O h6 12. Nc3 O-O 13. Bc2 g5 14. h3 Rf7 15. Bb3 Nf8 16. Be3 Ng6 17. Nxd5 exd5 18. Bxd5 Nce7 19. Bxf7+ Qxf7 20. Nh2 Nf5 21. Ng4 Be6 22. d5 Bd7 23. Qd3 Kh7 24. Bd4 Nf4 25. Qe4 Nxd5 26. Qxd5 Qxd5 27. Nf6+ Kg7 28. Nxd5+ Nxd4 29. Rfd1 Be5 30. Re1 Re8 31. Rac1 Re6 32. Nc7 Bxc7 33. Red1 Bb6 0-1

[Event "Paul Keres mem  (38th)"]
[Site "Richmond CAN"]
[Date "2013.05.20"]
[Round "6.2"]
[White "Kaufman, Raymond"]
[Black "Yoos, John"]
[Result "1-0"]
[WhiteElo "2304"]
[BlackElo "2382"]
[PlyCount "43"]
[GameId "2160767909356034"]
[EventDate "2013.05.18"]
[EventType "swiss"]
[EventRounds "6"]
[EventCountry "CAN"]

1. d4 Nf6 2. c4 g6 3. Nc3 Bg7 4. e4 d6 5. Nf3 O-O 6. Be2 e5 7. Be3 c6 8. d5 Na6 9. O-O Ng4 10. Bd2 f5 11. Rb1 c5 12. Ng5 Nf6 13. f4 h6 14. Ne6 Bxe6 15. dxe6 Nxe4 16. Nxe4 fxe4 17. Qc2 Qe7 18. Qxe4 Qxe6 19. Qxb7 Nb4 20. a3 exf4 21. Bf3 Qxc4 22. axb4 1-0

[Event "CAN-op (Pinnacle 48th CAN Op Ch)"]
[Site "Toronto CAN"]
[Date "2011.07.09"]
[Round "1"]
[White "Kaufman, Raymond"]
[Black "Aird, Ian"]
[Result "1-0"]
[WhiteElo "2256"]
[BlackElo "1909"]
[PlyCount "67"]
[GameId "2160767909706958"]
[EventDate "2011.07.09"]
[EventType "swiss"]
[EventRounds "9"]
[EventCountry "CAN"]
[SourceTitle "hb 2011"]

1. d4 e6 2. c4 Bb4+ 3. Bd2 Bxd2+ 4. Qxd2 Nf6 5. Nc3 d5 6. e3 O-O 7. cxd5 exd5 8. Bd3 Re8 9. Nge2 Nbd7 10. O-O a6 11. b4 Nb6 12. a4 Qd6 13. Rab1 Bd7 14. a5 Nc4 15. Bxc4 dxc4 16. f3 Nd5 17. Nxd5 Qxd5 18. Nc3 Qg5 19. f4 Qh5 20. e4 Rad8 21. Rbe1 Bb5 22. Qf2 f5 23. d5 fxe4 24. f5 c6 25. Qc5 Qg4 26. f6 gxf6 27. Rxf6 e3 28. Rxe3 Rxe3 29. Qxe3 cxd5 30. Rf3 Re8 31. Qd2 Qh4 32. Rg3+ Kh8 33. Nxd5 Bc6 34. Qc3+ 1-0

[Event "CAN-op (Pinnacle 48th CAN Op Ch)"]
[Site "Toronto CAN"]
[Date "2011.07.10"]
[Round "2"]
[White "Noritsyn, Nikolay"]
[Black "Kaufman, Raymond"]
[Result "1-0"]
[WhiteElo "2425"]
[BlackElo "2293"]
[PlyCount "69"]
[GameId "2160767909707042"]
[EventDate "2011.07.09"]
[EventType "swiss"]
[EventRounds "9"]
[EventCountry "CAN"]
[SourceTitle "CBM 143 Extra"]
[Source "ChessBase"]
[SourceDate "2011.08.29"]
[SourceVersion "1"]
[SourceVersionDate "2011.08.29"]
[SourceQuality "1"]

1. e4 e5 2. Nf3 Nc6 3. Bb5 a6 4. Ba4 Nf6 5. O-O Be7 6. d3 b5 7. Bb3 d6 8. a4 b4 9. a5 O-O 10. Nbd2 Rb8 11. h3 Be6 12. Nc4 h6 13. Re1 Nh7 14. Ba4 Bxc4 15. Bxc6 Bb5 16. Bd5 Ng5 17. Nh2 c6 18. Bb3 Kh8 19. Qh5 Qd7 20. f4 exf4 21. Bxf4 f5 22. e5 d5 23. e6 Qe8 24. Qd1 Rb7 25. h4 Nh7 26. Nf3 g5 27. Be5+ Bf6 28. c4 bxc3 29. bxc3 Bxd3 30. Bxd5 cxd5 31. Bxf6+ Nxf6 32. Qxd3 Ne4 33. Qxd5 Rb5 34. Qd4+ Kh7 35. c4 1-0

[Event "CAN-op (Pinnacle 48th CAN Op Ch)"]
[Site "Toronto CAN"]
[Date "2011.07.11"]
[Round "3"]
[White "Kaufman, Raymond"]
[Black "Morabito, Matthew"]
[Result "1-0"]
[WhiteElo "2256"]
[BlackElo "2016"]
[PlyCount "71"]
[GameId "2160767909707097"]
[EventDate "2011.07.09"]
[EventType "swiss"]
[EventRounds "9"]
[EventCountry "CAN"]
[SourceTitle "hb 2011"]

1. d4 Nf6 2. c4 g6 3. Nc3 Bg7 4. e4 d6 5. f3 O-O 6. Nge2 e5 7. Be3 Nc6 8. Qd2 exd4 9. Nxd4 Nd7 10. O-O-O Nxd4 11. Bxd4 Bxd4 12. Qxd4 Qg5+ 13. Kb1 Nb6 14. h4 Qe5 15. Nb5 Qe7 16. h5 a6 17. hxg6 fxg6 18. Nc3 Qf6 19. Qd2 Be6 20. Nd5 Nxd5 21. cxd5 Bd7 22. Be2 Qf4 23. Qd4 Qf6 24. Qf2 b5 25. Rc1 Rfc8 26. Rc2 c5 27. dxc6 Bxc6 28. Qb6 Rab8 29. Qxa6 Bxe4 30. fxe4 Rxc2 31. Kxc2 Qf2 32. Kd3 Qc5 33. Qa3 b4 34. Qb3+ Kg7 35. Qc4 Qb6 36. Qd4+ 1-0

[Event "CAN-op (Pinnacle 48th CAN Op Ch)"]
[Site "Toronto CAN"]
[Date "2011.07.12"]
[Round "4"]
[White "Shabalov, Alexander"]
[Black "Kaufman, Raymond"]
[Result "1-0"]
[WhiteElo "2577"]
[BlackElo "2293"]
[PlyCount "55"]
[GameId "2160767909707198"]
[EventDate "2011.07.09"]
[EventType "swiss"]
[EventRounds "9"]
[EventCountry "CAN"]
[SourceTitle "CBM 143 Extra"]
[Source "ChessBase"]
[SourceDate "2011.08.29"]
[SourceVersion "1"]
[SourceVersionDate "2011.08.29"]
[SourceQuality "1"]

1. c4 e6 2. Nc3 d5 3. d4 Be7 4. cxd5 exd5 5. Bf4 c6 6. e3 Bf5 7. g4 Be6 8. Bd3 Nd7 9. h3 a6 10. Nf3 Ngf6 11. Ng5 Nf8 12. Qb3 b5 13. Qc2 h6 14. Nf3 N8d7 15. g5 Nh5 16. gxh6 g5 17. Be5 Rxh6 18. Bf5 Qa5 19. Bxe6 fxe6 20. Rg1 O-O-O 21. O-O-O Rg8 22. Kb1 Kb7 23. Rc1 c5 24. dxc5 Nxc5 25. a3 b4 26. axb4 Qxb4 27. Rg4 Qb3 28. Na4 1-0

[Event "CAN-op (Pinnacle 48th CAN Op Ch)"]
[Site "Toronto CAN"]
[Date "2011.07.13"]
[Round "5"]
[White "Kaufman, Raymond"]
[Black "Peev, Pavel"]
[Result "1-0"]
[WhiteElo "2293"]
[BlackElo "2006"]
[PlyCount "87"]
[GameId "2160767909707248"]
[EventDate "2011.07.09"]
[EventType "swiss"]
[EventRounds "9"]
[EventCountry "CAN"]
[SourceTitle "CBM 143 Extra"]
[Source "ChessBase"]
[SourceDate "2011.08.29"]
[SourceVersion "1"]
[SourceVersionDate "2011.08.29"]
[SourceQuality "1"]

1. d4 Nf6 2. c4 c5 3. d5 b5 4. cxb5 a6 5. bxa6 Bxa6 6. g3 g6 7. Bg2 d6 8. Nc3 Bg7 9. Nf3 Nbd7 10. Rb1 Qa5 11. O-O O-O 12. Qc2 Rfb8 13. b3 Ng4 14. Bb2 Nge5 15. Nxe5 Nxe5 16. h3 c4 17. f4 cxb3 18. axb3 Qb6+ 19. Kh2 Nd7 20. Ba1 Rc8 21. b4 Rc4 22. Qb3 Rac8 23. Rf3 Bb5 24. e4 Bxc3 25. Rxc3 Rxc3 26. Bxc3 Qe3 27. Ba1 Qxb3 28. Rxb3 Rc2 29. Rc3 Ra2 30. Rc8+ Nf8 31. Rc1 f6 32. e5 fxe5 33. fxe5 dxe5 34. Bxe5 Nd7 35. Bd4 Rd2 36. Bc5 Kf7 37. Kg1 Nf6 38. Be3 Rd3 39. Bf2 Rb3 40. Rc7 Rb1+ 41. Kh2 Rb2 42. Bd4 Nxd5 43. Rc5 Rd2 44. Rxb5 1-0

[Event "CAN-op (Pinnacle 48th CAN Op Ch)"]
[Site "Toronto CAN"]
[Date "2011.07.14"]
[Round "6"]
[White "Plotkin, Victor"]
[Black "Kaufman, Raymond"]
[Result "0-1"]
[WhiteElo "2243"]
[BlackElo "2293"]
[PlyCount "138"]
[GameId "2160767909707337"]
[EventDate "2011.07.09"]
[EventType "swiss"]
[EventRounds "9"]
[EventCountry "CAN"]
[SourceTitle "CBM 143 Extra"]
[Source "ChessBase"]
[SourceDate "2011.08.29"]
[SourceVersion "1"]
[SourceVersionDate "2011.08.29"]
[SourceQuality "1"]

1. e4 e6 2. d4 d5 3. Nc3 Bb4 4. exd5 exd5 5. Bd3 c6 6. Nge2 Ne7 7. Ng3 O-O 8. O-O Nd7 9. Bg5 f6 10. Bf4 f5 11. Nce2 Nf6 12. c3 Bd6 13. Re1 Bxf4 14. Nxf4 Qd6 15. Nh3 Bd7 16. f3 Rae8 17. Qd2 c5 18. dxc5 Qxc5+ 19. Kh1 d4 20. Ne2 dxc3 21. Qxc3 Qxc3 22. Nxc3 Nc6 23. Bc4+ Kh8 24. Rad1 Ne5 25. Bb3 Bc6 26. Ng5 h6 27. Rxe5 Rxe5 28. Nf7+ Rxf7 29. Bxf7 g5 30. Kg1 Kg7 31. Bb3 a5 32. Kf2 h5 33. Rd8 h4 34. Ne2 g4 35. Nd4 Bd7 36. Rb8 b5 37. Rb7 Kf8 38. Bc2 Rd5 39. Ke3 f4+ 40. Kxf4 Rxd4+ 41. Ke5 h3 42. gxh3 Rd5+ 43. Kxf6 gxf3 44. Be4 f2 45. Bg2 Rd1 46. h4 f1=Q+ 47. Bxf1 Rxf1+ 48. Ke5 Ke7 49. a4 bxa4 50. Ra7 Rf2 51. Ke4 Rxb2 52. Rxa5 Rb4+ 53. Kd3 Rxh4 54. Kc2 Rxh2+ 55. Kb1 Kd6 56. Ka1 Bc6 57. Rg5 Kc7 58. Re5 Kb6 59. Rg5 Rd2 60. Rg1 Bd5 61. Re1 Kc5 62. Rg1 Kb4 63. Rg4+ Bc4 64. Rg1 Ka3 65. Kb1 Bd3+ 66. Kc1 Rc2+ 67. Kd1 Kb2 68. Rg7 Be2+ 69. Ke1 Bc4 0-1

[Event "CAN-op (Pinnacle 48th CAN Op Ch)"]
[Site "Toronto CAN"]
[Date "2011.07.15"]
[Round "7"]
[White "Kaufman, Raymond"]
[Black "Cummings, David"]
[Result "0-1"]
[WhiteElo "2293"]
[BlackElo "2350"]
[PlyCount "59"]
[GameId "2160767909707394"]
[EventDate "2011.07.09"]
[EventType "swiss"]
[EventRounds "9"]
[EventCountry "CAN"]
[SourceTitle "CBM 143 Extra"]
[Source "ChessBase"]
[SourceDate "2011.08.29"]
[SourceVersion "1"]
[SourceVersionDate "2011.08.29"]
[SourceQuality "1"]

1. d4 d5 2. c4 e6 3. Nc3 Be7 4. cxd5 exd5 5. Bf4 Nf6 6. e3 Bf5 7. Nge2 O-O 8. Ng3 Be6 9. Bd3 c5 10. dxc5 Bxc5 11. O-O Nc6 12. Rc1 d4 13. Nce4 Be7 14. Bb1 Nd5 15. Qh5 g6 16. Qh6 Nxf4 17. exf4 f5 18. Nh5 Rf7 19. Ng5 Bf8 20. Nxf7 Bxf7 21. Qg5 Qxg5 22. fxg5 gxh5 23. Bxf5 Bxa2 24. f4 Rd8 25. Bd3 Nb4 26. Bc4+ Bxc4 27. Rxc4 d3 28. f5 b6 29. Rd1 Bc5+ 30. Rxc5 0-1

[Event "CAN-op (Pinnacle 48th CAN Op Ch)"]
[Site "Toronto CAN"]
[Date "2011.07.16"]
[Round "8"]
[White "Wang, Jesse BJ"]
[Black "Kaufman, Raymond"]
[Result "0-1"]
[WhiteElo "1998"]
[BlackElo "2256"]
[PlyCount "44"]
[GameId "2160767909707501"]
[EventDate "2011.07.09"]
[EventType "swiss"]
[EventRounds "9"]
[EventCountry "CAN"]

1. e4 c5 2. Nc3 Nc6 3. Bb5 Nd4 4. Bc4 e6 5. Nge2 Qc7 6. O-O Nf6 7. d3 a6 8. Nxd4 cxd4 9. Ne2 b5 10. Bb3 Bc5 11. Kh1 Bb7 12. f4 h5 13. f5 O-O-O 14. Bf4 Qc6 15. c3 Nxe4 16. dxe4 Qxe4 17. Rf3 Qxf3 18. gxf3 Bxf3+ 19. Kg1 d3+ 20. Nd4 Bxd1 21. Rxd1 Rhe8 22. fxe6 dxe6 0-1

[Event "CAN-op (Pinnacle 48th CAN Op Ch)"]
[Site "Toronto CAN"]
[Date "2011.07.17"]
[Round "9"]
[White "Kaufman, Raymond"]
[Black "Macak, Stefan"]
[Result "0-1"]
[WhiteElo "2293"]
[BlackElo "2391"]
[PlyCount "96"]
[GameId "2160767909707534"]
[EventDate "2011.07.09"]
[EventType "swiss"]
[EventRounds "9"]
[EventCountry "CAN"]
[SourceTitle "CBM 143 Extra"]
[Source "ChessBase"]
[SourceDate "2011.08.29"]
[SourceVersion "1"]
[SourceVersionDate "2011.08.29"]
[SourceQuality "1"]

1. d4 e6 2. c4 b6 3. e4 Bb7 4. Bd3 Nc6 5. Ne2 Nb4 6. Nbc3 Nxd3+ 7. Qxd3 Ne7 8. O-O Nc6 9. Be3 Be7 10. Rad1 O-O 11. f4 d5 12. cxd5 Nb4 13. Qb1 exd5 14. a3 Na6 15. e5 f5 16. exf6 Bxf6 17. g4 Qd7 18. f5 Rae8 19. Rf3 c6 20. Rdf1 Nc7 21. g5 Rxe3 22. Rxe3 Bxg5 23. Rg3 h6 24. Qd3 Ba6 25. Qf3 Bc8 26. Qg4 Rxf5 27. Rgf3 Rxf3 28. Qxf3 Qg4+ 29. Qxg4 Bxg4 30. Kg2 Ne6 31. h3 Bh5 32. b4 Bf6 33. b5 cxb5 34. Nf4 Nxf4+ 35. Rxf4 Be8 36. Kf2 Bc6 37. Ne2 Kf7 38. Ke1 Ke6 39. Rf3 g5 40. Rc3 Kd7 41. Kd2 a5 42. Kc2 h5 43. Kb3 h4 44. Rf3 Ke7 45. Re3+ Kf7 46. Rf3 Kg6 47. Kc3 Bd7 48. Kb3 g4 0-1

[Event "Ontario op"]
[Site "Toronto CAN"]
[Date "2010.05.22"]
[Round "1"]
[White "Grigorescu, Laurentiu"]
[Black "Kaufman, Raymond"]
[Result "0-1"]
[WhiteElo "2004"]
[BlackElo "2234"]
[PlyCount "76"]
[GameId "2160767909981927"]
[EventDate "2010.05.22"]
[EventType "swiss"]
[EventRounds "6"]
[EventCountry "CAN"]

1. d4 Nf6 2. c4 g6 3. Nc3 Bg7 4. e4 d6 5. h3 O-O 6. Bd3 Nc6 7. Nge2 Nd7 8. Be3 e5 9. d5 Nd4 10. Qd2 c5 11. Bh6 f5 12. Bxg7 Kxg7 13. exf5 gxf5 14. O-O-O Nb6 15. b3 a5 16. Nxd4 cxd4 17. Nb5 a4 18. Bb1 axb3 19. axb3 Bd7 20. g4 Bxb5 21. cxb5 Nxd5 22. gxf5 Nc3 23. Rdg1+ Kh8 24. Rg6 Qc7 25. Rh6 Ra1 26. Kb2 Rfa8 27. b6 Rxb1+ 28. Rxb1 Ra2+ 29. Kc1 Ne2+ 30. Kd1 Rxd2+ 31. Kxd2 Qc3+ 32. Kxe2 Qc2+ 33. Kf1 Qxb1+ 34. Kg2 Qxf5 35. Rxd6 Kg7 36. b4 Kf7 37. f3 d3 38. h4 e4 0-1

[Event "Ontario op"]
[Site "Toronto CAN"]
[Date "2010.05.22"]
[Round "2"]
[White "Kaufman, Raymond"]
[Black "Smith, Bryan G"]
[Result "0-1"]
[WhiteElo "2286"]
[BlackElo "2468"]
[PlyCount "56"]
[GameId "2160767909981941"]
[EventDate "2010.05.22"]
[EventType "swiss"]
[EventRounds "6"]
[EventCountry "CAN"]
[SourceTitle "CBM 136 Extra"]
[Source "ChessBase"]
[SourceDate "2010.07.02"]
[SourceVersion "2"]
[SourceVersionDate "2010.07.15"]
[SourceQuality "1"]

1. d4 Nf6 2. c4 g6 3. Nf3 Bg7 4. g3 O-O 5. Bg2 d5 6. cxd5 Nxd5 7. O-O Nb6 8. Nc3 Nc6 9. Bf4 Nxd4 10. Nxd4 e5 11. Ndb5 exf4 12. Qxd8 Rxd8 13. Nxc7 Rb8 14. gxf4 Nc4 15. N7d5 Be6 16. e4 Bxc3 17. Nxc3 Nxb2 18. Rab1 Rd2 19. e5 Nd3 20. Bxb7 Nxf4 21. a4 Kg7 22. Ne4 Ra2 23. Nd6 Rxa4 24. Ra1 Ne2+ 25. Kg2 Rg4+ 26. Kh1 Rxb7 27. Nxb7 Bd5+ 28. f3 Bxb7 0-1

[Event "Ontario op"]
[Site "Toronto CAN"]
[Date "2010.05.23"]
[Round "3"]
[White "Florea, Alexandru"]
[Black "Kaufman, Raymond"]
[Result "0-1"]
[WhiteElo "2050"]
[BlackElo "2234"]
[PlyCount "44"]
[GameId "2160767909981955"]
[EventDate "2010.05.22"]
[EventType "swiss"]
[EventRounds "6"]
[EventCountry "CAN"]

1. e4 c5 2. f4 d5 3. exd5 Nf6 4. Bb5+ Nbd7 5. c4 g6 6. Nc3 Bg7 7. Nf3 O-O 8. Bxd7 Bxd7 9. O-O e6 10. dxe6 Bxe6 11. d3 Bf5 12. Ne5 Re8 13. Qf3 Nd7 14. Nxd7 Qxd7 15. Rd1 Bg4 16. Qg3 Bxc3 17. Rf1 Bd4+ 18. Kh1 Re2 19. h3 Bf5 20. Qf3 Rae8 21. g4 Rc2 22. gxf5 Ree2 0-1

[Event "Ontario op"]
[Site "Toronto CAN"]
[Date "2010.05.23"]
[Round "4"]
[White "Kaufman, Raymond"]
[Black "Filipovich, David"]
[Result "1-0"]
[WhiteElo "2286"]
[BlackElo "2144"]
[PlyCount "99"]
[GameId "2160767909981972"]
[EventDate "2010.05.22"]
[EventType "swiss"]
[EventRounds "6"]
[EventCountry "CAN"]
[SourceTitle "CBM 136 Extra"]
[Source "ChessBase"]
[SourceDate "2010.07.02"]
[SourceVersion "2"]
[SourceVersionDate "2010.07.15"]
[SourceQuality "1"]

1. d4 g6 2. e4 Bg7 3. Nc3 c6 4. Nf3 d5 5. h3 Nh6 6. Bd3 f6 7. Be3 dxe4 8. Nxe4 Nf5 9. Qe2 Nxe3 10. Qxe3 Na6 11. c3 Nc7 12. O-O-O Nd5 13. Qd2 a5 14. c4 Nb4 15. Bb1 Bf5 16. Qf4 Qb8 17. Qe3 Bxe4 18. Qxe4 Bh6+ 19. Nd2 Qf4 20. Qxf4 Bxf4 21. a3 Na6 22. g3 Bh6 23. f4 g5 24. f5 O-O-O 25. Ne4 g4+ 26. Kc2 Be3 27. Kc3 c5 28. d5 gxh3 29. Rxh3 b5 30. cxb5 Nc7 31. Kc4 Bd4 32. Nxc5 Bxb2 33. b6 Ne8 34. g4 Nd6+ 35. Kb3 Be5 36. Bd3 Kb8 37. Ka4 Rc8 38. Nd7+ Kb7 39. Nxe5 fxe5 40. Kxa5 Rc5+ 41. Kb4 Kxb6 42. Bf1 Rg8 43. Be2 Rc2 44. Re3 e4 45. a4 Ra8 46. Rh1 Ra2 47. Bd1 Rc8 48. Rc3 Rxc3 49. Kxc3 Kc5 50. Bc2 1-0

[Event "Ontario op"]
[Site "Toronto CAN"]
[Date "2010.05.24"]
[Round "5"]
[White "Kaufman, Raymond"]
[Black "Sapozhnikov, Roman"]
[Result "1-0"]
[WhiteElo "2286"]
[BlackElo "2252"]
[PlyCount "69"]
[GameId "2160767909981987"]
[EventDate "2010.05.22"]
[EventType "swiss"]
[EventRounds "6"]
[EventCountry "CAN"]
[SourceTitle "CBM 136 Extra"]
[Source "ChessBase"]
[SourceDate "2010.07.02"]
[SourceVersion "2"]
[SourceVersionDate "2010.07.15"]
[SourceQuality "1"]

1. d4 Nf6 2. c4 g6 3. Nc3 Bg7 4. e4 d6 5. Be2 O-O 6. Bg5 c5 7. d5 a6 8. a4 h6 9. Be3 e6 10. Qd2 exd5 11. exd5 Kh7 12. h3 Re8 13. Nf3 Bf5 14. O-O Ne4 15. Nxe4 Bxe4 16. Ra3 Bxf3 17. Bxf3 Nd7 18. b4 Qc7 19. Rb1 Rec8 20. Be2 b6 21. Rab3 Rab8 22. Kh2 b5 23. axb5 axb5 24. bxc5 bxc4 25. Rxb8 Rxb8 26. Rxb8 c3 27. Rb7 Qxb7 28. c6 Qc7 29. Qc2 Nc5 30. g3 Qb6 31. h4 Bf6 32. h5 Kg7 33. hxg6 fxg6 34. Bd3 Qd8 35. Bxg6 1-0

[Event "Ontario op"]
[Site "Toronto CAN"]
[Date "2010.05.24"]
[Round "6"]
[White "Noritsyn, Nikolay"]
[Black "Kaufman, Raymond"]
[Result "1-0"]
[WhiteElo "2403"]
[BlackElo "2286"]
[PlyCount "45"]
[GameId "2160767909982004"]
[EventDate "2010.05.22"]
[EventType "swiss"]
[EventRounds "6"]
[EventCountry "CAN"]
[SourceTitle "CBM 136 Extra"]
[Source "ChessBase"]
[SourceDate "2010.07.02"]
[SourceVersion "2"]
[SourceVersionDate "2010.07.15"]
[SourceQuality "1"]

1. c4 c5 2. Nc3 Nf6 3. g3 d5 4. cxd5 Nxd5 5. Bg2 Nc7 6. d3 g6 7. Be3 Ne6 8. Qd2 h5 9. Ne4 Na6 10. Rc1 Bg7 11. Nxc5 Naxc5 12. Bxc5 Nxc5 13. Rxc5 Qb6 14. Rc2 Be6 15. b3 a5 16. Nh3 a4 17. b4 a3 18. Nf4 O-O 19. Nxe6 fxe6 20. O-O Rf7 21. Qg5 e5 22. Bd5 e6 23. Be4 1-0

[Event "PWC Toronto op"]
[Site "Toronto CAN"]
[Date "2009.04.18"]
[Round "2"]
[White "Sambuev, Bator"]
[Black "Kaufman, Raymond"]
[Result "1-0"]
[WhiteElo "2498"]
[BlackElo "2276"]
[PlyCount "45"]
[GameId "2160767910157149"]
[EventDate "2009.04.17"]
[EventType "swiss"]
[EventRounds "5"]
[EventCountry "CAN"]
[SourceTitle "The Week in Chess 754"]
[Source "Mark Crowther"]
[SourceDate "2009.04.20"]
[SourceVersion "1"]
[SourceVersionDate "2009.04.20"]
[SourceQuality "2"]

1. e4 c5 2. Nf3 d6 3. d4 cxd4 4. Nxd4 Nf6 5. Nc3 Nc6 6. Bc4 Na5 7. Bb5+ Bd7 8. Bxd7+ Nxd7 9. O-O Rc8 10. Bg5 Nc4 11. b3 Nce5 12. Nd5 h6 13. Be3 e6 14. f4 exd5 15. fxe5 dxe5 16. Qh5 g6 17. Qf3 Qf6 18. Qh3 Qe7 19. exd5 Bg7 20. d6 Qxd6 21. Nb5 Qa6 22. Rxf7 Qxb5 23. Rxg7 1-0

[Event "PWC Toronto op"]
[Site "Toronto CAN"]
[Date "2009.04.18"]
[Round "3"]
[White "Kaufman, Raymond"]
[Black "Humphreys, Michael"]
[Result "1-0"]
[WhiteElo "2276"]
[BlackElo "1999"]
[PlyCount "44"]
[GameId "2160767910157167"]
[EventDate "2009.04.17"]
[EventType "swiss"]
[EventRounds "5"]
[EventCountry "CAN"]
[SourceTitle "The Week in Chess 754"]
[Source "Mark Crowther"]
[SourceDate "2009.04.20"]
[SourceVersion "1"]
[SourceVersionDate "2009.04.20"]
[SourceQuality "2"]

1. d4 Nf6 2. c4 g6 3. Nc3 d5 4. Nf3 Bg7 5. Bf4 O-O 6. cxd5 Nxd5 7. Nxd5 Qxd5 8. Bxc7 Nc6 9. e3 Bf5 10. Be2 Rac8 11. Bg3 Nb4 12. O-O Nc2 13. Rc1 Qxa2 14. Qd2 Bh6 15. Bd3 Qb3 16. Bxf5 gxf5 17. Qa5 Rc6 18. Ne5 Rd6 19. Qc7 Nxd4 20. exd4 Bxc1 21. Qxc1 Rxd4 22. Qg5+ Kh8 1-0

[Event "PWC Toronto op"]
[Site "Toronto CAN"]
[Date "2009.04.19"]
[Round "4"]
[White "Livshits, Ron"]
[Black "Kaufman, Raymond"]
[Result "0-1"]
[WhiteElo "2332"]
[BlackElo "2276"]
[PlyCount "74"]
[GameId "2160767910157190"]
[EventDate "2009.04.17"]
[EventType "swiss"]
[EventRounds "5"]
[EventCountry "CAN"]
[SourceTitle "The Week in Chess 754"]
[Source "Mark Crowther"]
[SourceDate "2009.04.20"]
[SourceVersion "1"]
[SourceVersionDate "2009.04.20"]
[SourceQuality "2"]

1. d4 d5 2. c4 e6 3. Nc3 c6 4. Nf3 Nf6 5. Bg5 dxc4 6. e4 b5 7. e5 h6 8. Bh4 g5 9. Nxg5 hxg5 10. Bxg5 Nbd7 11. exf6 Bb7 12. g3 c5 13. d5 Qb6 14. Bg2 O-O-O 15. O-O Bh6 16. h4 Bxg5 17. hxg5 b4 18. Na4 Qb5 19. Re1 exd5 20. Re7 d4 21. f3 Rdg8 22. Rxf7 Rxg5 23. Rg7 Rxg7 24. fxg7 Rg8 25. b3 c3 26. Qe1 Rxg7 27. Bh3 Qc6 28. Qe5 Rh7 29. Bxd7+ Rxd7 30. Nxc5 Qxf3 31. Nxb7 Kxb7 32. Qb5+ Kc8 33. Qc5+ Rc7 34. Qd6 Rc6 35. Qe5 c2 36. Qe8+ Kb7 37. Qd7+ Ka6 0-1

[Event "PWC Toronto op"]
[Site "Toronto CAN"]
[Date "2009.04.19"]
[Round "5"]
[White "Kaufman, Raymond"]
[Black "Shabalov, Alexander"]
[Result "0-1"]
[WhiteElo "2276"]
[BlackElo "2569"]
[PlyCount "76"]
[GameId "2160767910157215"]
[EventDate "2009.04.17"]
[EventType "swiss"]
[EventRounds "5"]
[EventCountry "CAN"]
[SourceTitle "The Week in Chess 754"]
[Source "Mark Crowther"]
[SourceDate "2009.04.20"]
[SourceVersion "1"]
[SourceVersionDate "2009.04.20"]
[SourceQuality "2"]

1. d4 Nf6 2. c4 e6 3. Nc3 Bb4 4. Qc2 d5 5. cxd5 exd5 6. Bg5 c5 7. dxc5 h6 8. Bh4 g5 9. Bg3 Ne4 10. e3 Qa5 11. Nge2 Bf5 12. Be5 O-O 13. Nd4 Re8 14. Bxb8 Nxc3 15. Nxf5 Ne4+ 16. Ke2 Raxb8 17. f3 Nf6 18. Kf2 Bxc5 19. Bd3 Rbc8 20. Qd1 Qb6 21. Re1 Qxb2+ 22. Kg1 b6 23. Qb3 Qxb3 24. axb3 a5 25. Nxh6+ Kf8 26. Nf5 Re5 27. g4 Ng8 28. Kf2 Ne7 29. Re2 Rc6 30. Rae1 Bb4 31. Rd1 Rc3 32. Nd4 Bc5 33. Bc2 Nc6 34. Nxc6 Bxe3+ 35. Kg2 Rxc6 36. Bf5 d4 37. Rc2 Rxc2+ 38. Bxc2 Rc5 0-1